[Event "EICC 2017"]
[Site "Minsk"]
[Date "2017.06.05"]
[Round "6"]
[White "Navara, David"]
[Black "Neiksans, Arturs"]
[Result "1/2-1/2"]
[WhiteElo "2739"]
[BlackElo "2599"]
[Annotator "TA"]
[PlyCount "88"]
[EventDate "2017.??.??"]
[EventCountry "BLR"]
[SourceTitle "playchess.com"]
[Source "ChessBase"]
[SourceQuality "1"]

{[%evp 18,88,18,14,17,22,39,53,28,0,0,0,6,0,18,0,0,0,0,-59,-56,-63,-64,-68,-67,-66,-68,-62,44,-44,-44,-44,-44,-52,-52,-52,-45,-54,-49,-42,-24,-32,0,0,0,0,0,0,0,-4,0,0,0,0,0,0,0,0,0,0,0,0,0,0,0,0,0,0,0,0,0,0,0]} 1. d4 Nf6 2. c4 e6 3. Nc3 Bb4 4. e3 O-O 5. Bd3 d5 6. Nf3 b6 7. O-O Bb7 8. cxd5 exd5 9. a3 Bd6 10. b4 a6 {E52: Nimzo-Indian: Rubinstein: 4...0-0 5 Nf3 d5 6 Bd3 b6} (10... Nbd7 11. Qb3 a6 12. a4 Qe7 13. Rb1 c6 14. a5 Rfb8 15. axb6 Bc8 16. Qc2 Nxb6 17. e4 dxe4 18. Nxe4 Nxe4 19. Bxe4 h6 {1-0 (30) Mamedyarov,S (2772)-Adams,M (2747) Moscow 2017}) 11. Ne5 Nc6 $146 ({Predecessor:} 11... c5 12. bxc5 bxc5 13. f4 Nc6 14. Rb1 Qe7 15. Ng4 Na5 16. Nxf6+ Qxf6 17. Nxd5 Qe6 18. Nb6 {1-0 (32) Romanov,E (2636)-Rozum,I (2606) Sochi 2017}) 12. f4 Ne7 {White is slightly better.} 13. Qf3 c5 14. bxc5 bxc5 15. Rb1 Rb8 16. g4 cxd4 17. exd4 Ba8 18. g5 (18. Rxb8 $11 Qxb8 19. Bd2 (19. Bxa6 Qa7 $17)) 18... Ne4 $1 $15 {[%cal Re4c3]} 19. Nxd5 Nxg5 $1 20. fxg5 Bxd5 21. Rxb8 Bxb8 22. Be4 $1 Qb6 ({Black should try} 22... Bxe4 $15 23. Qxe4 Bxe5 24. dxe5 Re8) 23. Bxd5 ({Of course not} 23. Be3 Qe6 $17) (23. Nd7 $1 $14 Qxd4+ 24. Be3 Bxe4 25. Bxd4 Bxf3 26. Nxf8) 23... Qxd4+ 24. Kg2 {[#] aiming for Nc6.} Qxd5 25. Qxd5 Nxd5 26. Nd7 Rd8 27. Nxb8 Rxb8 {[%mdl 4096] Endgame KRB-KRN} 28. Rd1 Rd8 {Hoping for ...Ne3+!} 29. Kf3 f5 30. gxf6 $1 {The position is equal.} gxf6 31. Rd4 Kf7 32. Bf4 Ke6 33. Ra4 Nxf4 34. Kxf4 $11 {KR-KR} Rd6 35. Ra5 Rc6 36. h4 Rd6 (36... f5 $5) 37. Kg4 Rd4+ (37... f5+ $5 38. Kg5 {[#]} h6+ $1 {[%mdl 512]} 39. Kh5 Rd8 $11) 38. Kg3 Rd6 39. Kg4 Kf7 40. Kh5 Kg7 (40... Ke6 $5 {[%cal Rd6d5]} 41. Kh6 Rd7 42. Rxa6+ Ke5 $11) 41. Rc5 Rd7 (41... f5 $5) 42. Ra5 Rd6 43. Rc5 Rd7 44. Ra5 Rd6 {Precision: White = 73%, Black = 62%.} 1/2-1/2

[Event "EICC 2017"]
[Site "Minsk"]
[Date "2017.06.05"]
[Round "6"]
[White "Jakovenko, Dmitry"]
[Black "Baron, Tal"]
[Result "1-0"]
[WhiteElo "2718"]
[BlackElo "2540"]
[Annotator "TA"]
[PlyCount "69"]
[EventDate "2017.??.??"]
[EventCountry "BLR"]
[SourceTitle "playchess.com"]
[Source "ChessBase"]
[SourceQuality "1"]

{[%evp 20,69,12,0,0,15,4,2,8,22,22,16,8,11,22,12,31,25,38,34,28,24,49,55,91,87,91,89,82,82,226,223,240,237,229,224,291,308,297,298,475,431,897,891,885,881,879,875,861,854,833,796]} 1. e4 c5 2. Nf3 Nc6 3. Bb5 g6 4. Bxc6 bxc6 5. O-O Bg7 6. Re1 Nh6 7. c3 O-O 8. h3 {B31: Sicilian: 2...Nc6 3 Bb5 g6} f5 9. e5 Nf7 10. d3 Ba6 11. c4 {LiveBook: 10 Games} d6 {[%cal Rf7e5]} 12. e6 Ne5 13. Nxe5 Bxe5 14. Nd2 {[%cal Bb1d2,Bd2f3,Bf3d4,Bd4e2,Be2f4,Bf4e6][%mdl 32]} Bg7 15. Nf3 {[#]} h6 $146 ({Predecessor:} 15... d5) 16. Rb1 Bc8 17. b3 Rf6 18. d4 cxd4 $1 19. Nxd4 c5 20. Ne2 {next Nf4 is good for White.} Bxe6 ({Don't blunder} 20... Rxe6 $2 21. Qd5 $18) 21. Bb2 $1 Rf8 22. Nf4 $1 $36 {[%cal Rf4e6][%mdl 2048] White is in control.} Bf7 23. Ne6 $1 {[%cal Re6d8]} ({Don't play} 23. Bxg7 Kxg7 24. Ne6+ Bxe6 $15) 23... Bxe6 24. Rxe6 Bf6 {[#]} (24... Kh7 $16) 25. Bxf6 $1 $18 Rxf6 26. Rxf6 exf6 {[%mdl 4096] Endgame KQR-KQR} 27. Qd5+ Kf8 {[#]} 28. Re1 $1 Rb8 29. Re6 Rb6 {[#]} (29... Kg7 $142 30. Rxd6 Qe8 31. Rd7+ (31. Qxc5 Qe1+ 32. Kh2 Rb7 $18) 31... Kh8 32. Rxa7 Qe1+ 33. Kh2 Qe5+ 34. Qxe5 fxe5) 30. b4 $1 {[%mdl 512] White is clearly winning.} Rxb4 (30... Rb8 $142 31. Rxd6 Qe7) 31. Rxd6 Rb1+ 32. Kh2 Qc7 33. g3 Rb2 34. Rd7 {[%csl Gd7][%cal Rd5f7]} Rxf2+ 35. Kh1 {Precision: White = 93%, Black = 40%.} 1-0

[Event "EICC 2017"]
[Site "Minsk"]
[Date "2017.06.05"]
[Round "6"]
[White "Matlakov, Maxim"]
[Black "Kovalev, Vladislav"]
[Result "1-0"]
[WhiteElo "2714"]
[BlackElo "2629"]
[Annotator "TA"]
[PlyCount "99"]
[EventDate "2017.??.??"]
[EventCountry "BLR"]
[SourceTitle "playchess.com"]
[Source "ChessBase"]
[SourceQuality "1"]

{[%evp 20,99,50,50,47,50,64,48,65,52,56,0,59,47,79,85,85,72,88,78,95,45,45,27,45,46,60,0,24,4,24,24,24,4,6,8,18,10,21,16,16,24,29,0,0,0,73,75,150,134,131,137,440,199,203,200,174,176,216,182,259,118,885,877,728,654,1300,1280,1163,1134,6544,4189,1727,1769,12840,12840,12841,12841,12841,12842,12842,12843]} 1. d4 Nf6 2. c4 g6 3. Nc3 Bg7 4. e4 d6 5. h3 O-O 6. Be3 c5 7. Nf3 cxd4 8. Nxd4 b6 {E90: King's Indian: Classical: Early deviations and 6 h3} (8... Nc6 9. Be2 Nxd4 10. Bxd4 Bd7 11. O-O a5 12. Qc2 Bc6 13. Rad1 Nd7 14. Bxg7 Kxg7 15. Bg4 Nf6 16. e5 Nxg4 17. hxg4 {½-½ (36) Andreikin,D (2737)-Mamedov,R (2688) Tallinn 2016}) 9. g3 Bb7 10. Bg2 Nbd7 11. O-O {LiveBook: 7 Games} Nc5 {[%cal Rf6e4]} 12. Qc2 Rc8 13. Rfd1 $146 ({Predecessor:} 13. Rad1 Qc7 14. Nd5 Qd7 15. Nc3 Rfe8 16. Rfe1 Qc7 17. Bg5 Qb8 18. Qd2 Qa8 19. Nd5 Ncd7 20. b3 a6 21. Bxf6 Bxf6 22. Nxf6+ Nxf6 23. Qf4 {½-½ (23) Illescas Cordoba,M (2525)-Romero Holmes,A (2445) Leon 1989}) 13... Qd7 14. a4 a5 15. Nd5 ({White should play} 15. Rd2 $14) 15... Qd8 ({Better is} 15... Nxd5 $11 16. exd5 e6) 16. Rd2 Ne8 17. Nb5 e6 18. Ndc3 Qe7 19. Re1 Rd8 20. f4 Nc7 21. Nxc7 {N7b5 is the strong threat.} Qxc7 22. Nb5 Qe7 23. b3 (23. Red1 $14) 23... Rd7 24. Bf2 Rfd8 25. h4 h5 26. Rdd1 e5 27. f5 gxf5 28. exf5 {White wants to play Nc3.} Bxg2 29. Kxg2 {And now Nc3 would win.} d5 30. cxd5 Rxd5 31. Nc3 Rxd1 32. Rxd1 Rxd1 (32... Qb7+ $11 33. Kh2 Rd7) 33. Qxd1 $16 e4 (33... Qc7 $142) 34. Nd5 $1 $36 {[%cal Rd5e7][%mdl 2048] White is really pushing.} Qe5 {White should prevent ...Nd3.} 35. f6 $1 Bf8 $2 {[%mdl 8192] [#]} (35... Bxf6 $16 {is more resistant.} 36. Bxc5 bxc5) 36. Be3 (36. Ne7+ $142 $1 {[%mdl 512]} Bxe7 37. Bd4 (37. fxe7 Qxe7 38. Be3 Qe6 $11)) 36... Nd3 {[#]} 37. Ne7+ $1 {[%mdl 512]} Bxe7 38. fxe7 Qxe7 39. Qxh5 Ne1+ {[#]} (39... Qd7 $142 40. Qg5+ (40. Bxb6 Ne1+ 41. Kf2 Nd3+ 42. Kg1 Nb4 $18) 40... Kh7 41. Bxb6 Qc6) 40. Kf2 (40. Kh3 $1 $18 {is the precise move to win.}) 40... Nc2 $2 {[%mdl 8192]} (40... Nd3+ $16 41. Kg2 Qf6) 41. Qg5+ $18 {White is clearly winning.} (41. Qg4+ Kh7 $18) 41... Qxg5 42. hxg5 {[%mdl 4096] Endgame KB-KN} ({Less strong is} 42. Bxg5 Nb4 $16) 42... Kh7 43. Bxb6 Kg6 44. Bxa5 Kxg5 45. Bd2+ Kf5 46. a5 {[%cal Ba4a5,Ba5a6][%mdl 32]} Nd4 47. a6 Nb5 48. Bf4 Na7 49. Be3 Nb5 50. Bb6 {Precision: White = 40%, Black = 33%.} 1-0

[Event "EICC 2017"]
[Site "Minsk"]
[Date "2017.06.05"]
[Round "6"]
[White "Ponomariov, Ruslan"]
[Black "Macieja, Bartlomiej"]
[Result "1-0"]
[WhiteElo "2712"]
[BlackElo "2530"]
[Annotator "TA"]
[PlyCount "69"]
[EventDate "2017.??.??"]
[EventCountry "BLR"]
[SourceTitle "playchess.com"]
[Source "ChessBase"]
[SourceQuality "1"]

{[%evp 25,69,0,0,0,12,2,28,0,0,1,8,0,0,-8,-3,-14,0,-17,-12,-14,0,-23,0,0,0,-17,99,86,76,82,83,65,235,232,405,401,909,910,875,875,29996,29997,29997,29998,29998,29999]} 1. d4 Nf6 2. c4 e6 3. Nc3 Bb4 4. e3 O-O 5. Bd3 c5 6. Nf3 d5 7. O-O cxd4 8. exd4 dxc4 9. Bxc4 b6 10. Bg5 Bb7 11. Qe2 Bxc3 12. bxc3 Nbd7 13. Rac1 Qc7 14. Nd2 {E54: Nimzo-Indian: Rubinstein: Main Line: 7...dxc4 8 Bxc4} h6 (14... Nd5 15. f3 e5 16. Rfe1 Rae8 17. Bxd5 Bxd5 18. c4 Bb7 19. d5 f5 20. Be3 Rc8 {½-½ (47) Tomashevsky,E (2728)-Hou,Y (2673) Wijk aan Zee 2016}) 15. Bh4 a6 $146 ({Predecessor:} 15... Nd5 16. Bxd5 exd5 17. Rfe1 Rac8 18. h3 Qc6 19. Nf3 a6 20. Bg3 Nf6 {½-½ (41) Baranowski,T (2293)-Vasquez Nigro,D (2113) LSS email 2010}) 16. Bb3 {White has an edge.} b5 17. f3 Bd5 18. Ne4 Nh5 19. Be7 {[%cal Bh4e7,Be7a3,Ba3d6][%mdl 32] Threatens to win with Bd6.} Rfe8 20. Ba3 Nhf6 21. Rfe1 Qa5 22. Qb2 Qb6 (22... Bxe4 $5 23. fxe4 e5 $11) 23. Qd2 Qa5 (23... Bxe4 $5 24. fxe4 e5 $14) 24. Bd6 Qb6 {aiming for ...Nxe4.} 25. Bf4 (25. Nxf6+ {with more complications.} Nxf6 26. Be5 Nd7 27. Bf4 Rac8 28. Bxh6 gxh6 29. Qxh6 Qd8 30. Bxd5 exd5 31. Rxe8+ Qxe8 32. Qg5+) 25... Rec8 (25... Nxe4 $11 26. fxe4 Bxb3 27. axb3 e5) 26. Nxf6+ (26. Bxh6 {feels hotter.} Nxe4 27. fxe4 Bxb3 28. Qg5 g6 29. axb3 e5 30. Qg4) 26... Nxf6 {[#]} 27. Bxh6 $1 {[%mdl 512]} Bxb3 ({Avoid the trap} 27... gxh6 $2 28. Qxh6 Bxb3 29. axb3 $18) 28. axb3 {Bxg7! is the strong threat.} ({Don't play} 28. Qg5 Ne8 $15) 28... gxh6 $2 (28... Ne8 $14) 29. Qxh6 $40 {[%mdl 128] White wants a kill.} Nh7 $2 (29... Rxc3 30. Rxc3 Qxd4+ 31. Qe3 Qxe3+ 32. Rcxe3 Nd5) 30. Re4 f5 (30... Nf8 $142 31. Rg4+ (31. Rh4 Ng6 $15) 31... Ng6) 31. Rxe6 Qb7 {[#]} 32. Rce1 $1 {Re7 would kill now.} Rc7 33. Re8+ {White mates.} Rxe8 34. Rxe8+ Kf7 35. Qe6+ {Precision: White = 52%, Black = 28%.} 1-0

[Event "EICC 2017"]
[Site "Minsk"]
[Date "2017.06.05"]
[Round "6"]
[White "Naiditsch, Arkadij"]
[Black "Kozul, Zdenko"]
[Result "1/2-1/2"]
[WhiteElo "2700"]
[BlackElo "2617"]
[Annotator "TA"]
[PlyCount "29"]
[EventDate "2017.??.??"]
[EventCountry "BLR"]
[SourceTitle "playchess.com"]
[Source "ChessBase"]
[SourceQuality "1"]

{[%evp 9,29,28,40,28,29,31,38,24,22,13,28,16,23,17,20,11,16,12,16,-20,-14,-21]} 1. d4 Nf6 2. Bf4 c6 3. Nf3 Qb6 4. Qc1 d5 5. Nbd2 Bg4 6. e3 {A46: 1 d4 Nf6 2 Nf3 e6: Torre, London and Colle Systems} Bxf3 $146 ({Predecessor:} 6... e6 7. Ne5 Bh5 8. a3 Nbd7 9. c4 Qd8 10. Bd3 Bg6 11. Qc2 Nh5 12. Bg3 Nxg3 13. hxg3 Nxe5 14. dxe5 Bxd3 15. Qxd3 {½-½ (36) Andersson,U (2630)-Shcherbakov,R (2520) Oerebro 1995}) 7. Nxf3 Nbd7 8. Be2 {White is slightly better.} e6 9. a4 a5 10. O-O Be7 11. c4 O-O {The position is equal.} 12. Rd1 Nh5 13. Be5 Nhf6 14. cxd5 {[#] Hoping for d6.} Nxe5 15. Nxe5 1/2-1/2

[Event "EICC 2017"]
[Site "Minsk"]
[Date "2017.06.05"]
[Round "6"]
[White "Bacrot, Etienne"]
[Black "Gelashvili, Tamaz"]
[Result "1-0"]
[WhiteElo "2696"]
[BlackElo "2563"]
[Annotator "TA"]
[PlyCount "53"]
[EventDate "2017.??.??"]
[EventCountry "BLR"]
[SourceTitle "playchess.com"]
[Source "ChessBase"]
[SourceQuality "1"]

{[%evp 18,53,41,19,39,36,23,17,30,36,40,35,50,50,47,48,109,98,102,91,186,171,173,166,203,177,311,312,493,489,495,503,604,606,1002,791,839,831]} 1. e4 c5 2. Nf3 e6 3. d4 cxd4 4. Nxd4 Nc6 5. Nc3 Qc7 6. Be3 a6 7. Qf3 {B48: Sicilian: Taimanov: 5 Nc3 Qc7 6 Be3 a6 without Be2} Bd6 (7... Nf6 8. O-O-O Rb8 9. Be2 d6 10. Qg3 Nxd4 11. Bxd4 e5 12. Ba7 Ra8 13. Be3 b5 14. f4 Bb7 15. fxe5 Nxe4 16. Nxe4 Bxe4 {1-0 (42) Nepomniachtchi,I (2767)-Adhiban,B (2666) Doha 2016}) 8. O-O-O Be5 9. g3 Nge7 10. Qe2 {LiveBook: 24 Games} Nxd4 11. Bxd4 Bxd4 12. Rxd4 b5 $146 ({Predecessor:} 12... e5 13. Rd2 b5 14. Bg2 O-O {½-½ (40) Granara Barreto,S (2147)-Carbone,D (2146) Montevideo 2016}) 13. Bg2 Nc6 14. Rd2 O-O 15. Rhd1 Qa5 16. Qh5 d5 (16... Ra7 $14) 17. exd5 $16 b4 18. Nb1 ({Avoid the trap} 18. Be4 $2 g6 $19) 18... b3 (18... Ne7 $16) 19. axb3 $40 {[%cal Ba2b3,Bb3b4][%mdl 160] White attacks with force.} Nb4 {[%cal Rb4a2] [#]} 20. c3 Na2+ 21. Kc2 {[%cal Bc1c2,Bc2b3,Bb3a2][%mdl 32] Black must now prevent b4.} Qc5 (21... Bd7 $142 22. Na3 (22. Be4 g6 $16) 22... Rab8) 22. Qh4 exd5 (22... e5 $142 23. b4 Qd6) 23. b4 {White is clearly winning.} ({And not} 23. Qf4 Bf5+ 24. Qxf5 Nb4+ 25. Kc1 Na2+ 26. Kc2 Nb4+ 27. Kc1 Na2+ 28. Kc2 $11) 23... Qb5 24. Bxd5 Bf5+ 25. Kb3 a5 26. Na3 Qd7 27. Kxa2 {Precision: White = 92%, Black = 35%.} 1-0

[Event "EICC 2017"]
[Site "Minsk"]
[Date "2017.06.05"]
[Round "6"]
[White "Mamedov, Rauf"]
[Black "Fedorov, Alexei"]
[Result "1-0"]
[WhiteElo "2689"]
[BlackElo "2598"]
[Annotator "TA"]
[PlyCount "73"]
[EventDate "2017.??.??"]
[EventCountry "BLR"]
[SourceTitle "playchess.com"]
[Source "ChessBase"]
[SourceQuality "1"]

{[%evp 22,73,45,28,39,25,96,79,97,97,80,83,108,57,86,78,99,104,132,123,123,127,156,159,165,150,176,77,79,75,137,137,125,81,75,78,116,119,96,108,128,112,183,183,188,188,243,173,335,313,289,198,853,834]} 1. e4 c5 2. Nf3 e6 3. d4 cxd4 4. Nxd4 a6 5. Nc3 b5 6. Bd3 Bb7 7. O-O Nc6 8. Nxc6 Bxc6 9. Re1 {B43: Sicilian: Kan Variation: 5 Nc3} Bc5 10. Qh5 Qb6 11. Be3 Bxe3 12. Rxe3 {LiveBook: 3 Games} Ne7 13. e5 $146 (13. Nd5 $5 {[%cal Rd5b6]} Qd8 14. Rd1 $14) ({Predecessor:} 13. Nd5 Qd8 14. Nxe7 Qxe7 15. e5 h6 16. Rg3 g6 {½-½ (41) Delgado Ramirez,N (2602)-Kamsky,G (2706) Tromsoe 2014}) 13... Nd5 (13... Ng6 $11) 14. Nxd5 $16 Bxd5 15. Qg5 g6 16. Qh6 Qc5 17. a4 (17. Qg7 $16 O-O-O 18. Be4 (18. Qxf7 Qb4 $14)) 17... b4 18. Qg7 Qf8 19. Qf6 Rg8 20. Qh4 a5 21. Bb5 Rc8 22. c4 ({But not} 22. Qxh7 $2 Rh8 $19) 22... bxc3 23. bxc3 {[%cal Bb2c3,Bc3c4][%mdl 32]} h5 24. Qd4 (24. Rd3 $18 {has better winning chances.}) 24... Qc5 25. Qd2 $40 {[%mdl 128] White goes for the king.} Ke7 (25... Bc6 $142) 26. c4 Bc6 27. Rd1 Rgd8 28. Rd3 {[%cal Be3d3,Bd3d4,Bd4d7][%mdl 32]} Kf8 29. Qf4 Kg8 30. h3 Qb4 31. Rd4 Qb3 (31... Re8 $16 {was worth a try.}) 32. Kh2 Rf8 33. Qf6 Qc2 (33... Qc3 $142 34. Bxc6 Rxc6) 34. R1d3 Qe2 $2 {[#]} (34... Qc1 {might work better.} 35. Bxc6 Rxc6) 35. Bxc6 $18 Rxc6 36. Rxd7 Rcc8 $2 (36... Rc7) 37. Rf3 {Precision: White = 66%, Black = 35%.} ({Inferior is} 37. Rxf7 Rxf7 38. Qxg6+ Kf8 $11) 1-0

[Event "EICC 2017"]
[Site "Minsk"]
[Date "2017.06.05"]
[Round "6"]
[White "Korobov, Anton"]
[Black "Prohaszka, Peter"]
[Result "0-1"]
[WhiteElo "2688"]
[BlackElo "2596"]
[Annotator "TA"]
[PlyCount "164"]
[EventDate "2017.??.??"]
[EventCountry "BLR"]
[SourceTitle "playchess.com"]
[Source "ChessBase"]
[SourceQuality "1"]

{[%evp 16,164,15,8,10,19,86,89,97,105,95,18,21,24,29,18,34,40,41,43,43,43,43,43,43,41,41,42,42,41,50,54,54,44,54,48,53,29,33,35,41,29,31,31,38,19,36,18,27,10,11,15,15,12,19,19,19,20,21,20,20,20,20,14,14,14,14,14,14,14,14,14,14,0,0,0,15,0,14,0,6,0,0,0,0,0,0,0,0,0,0,0,0,0,0,0,0,0,0,0,0,0,0,0,0,0,0,0,0,0,0,0,0,0,0,0,0,0,0,0,0,0,0,0,0,0,0,0,0,0,0,0,0,0,0,-12832,-12831,-12836,-12833,-12838,-12839,-12839,-12839,-12840,-12839,-12839,-12839,-12841,-12842,-12844,-12844]} 1. d4 d5 2. c4 c6 3. Nf3 Nf6 4. g3 Bg4 5. Ne5 Bf5 6. cxd5 {D11: Slav Defence: 3 Nf3 sidelines and 3...Nf6 4 e3 Bg4} cxd5 7. Nc3 Nc6 8. f3 Rc8 9. Bg2 {LiveBook: 3 Games} Bd7 (9... Bg6 $5) 10. O-O Qb6 $146 (10... h5 $11) ({Predecessor:} 10... e6 11. Kh1 Qb6 12. e4 dxe4 13. Nxd7 Nxd7 {½-½ (48) Ipatov,A (2657)-Solak,D (2633) Izmir 2016}) 11. Nxd7 $16 Nxd7 12. Nxd5 Qxd4+ 13. e3 ({Better is} 13. Be3 $16 Qxd1 14. Rfxd1 (14. Raxd1 e6 $14)) 13... Qxd1 $11 14. Rxd1 e6 15. Nc3 Nb6 16. b3 Nb4 17. Bd2 $1 Bc5 18. Kf2 O-O 19. f4 N6d5 20. Nxd5 Nxd5 21. a4 f5 22. Ke2 Kf7 23. e4 fxe4 24. Bxe4 Rfd8 25. Rac1 b6 26. Rc4 a5 27. Be1 g6 28. Kf3 Nb4 29. Rcc1 Na2 30. Ra1 Nb4 31. g4 Bd4 32. Rac1 Rxc1 33. Rxc1 {White wants to play Rc7+.} Bc5 $1 34. Ke2 Rd4 35. Rc4 Rxc4 36. bxc4 {[%mdl 4096] Endgame KBB-KBN} Na6 37. Bb7 Nc7 38. Bc3 Ne8 39. Be4 Nd6 40. Bd3 Bg1 41. Be5 Bc5 42. Kf3 Bb4 43. Kg3 Bc5 44. Be2 Ne4+ 45. Kf3 Nd6 46. Kg2 Bb4 47. h4 Bc5 48. g5 Kf8 49. Kh3 (49. Bxd6+ $5 Bxd6 50. Kf3 $11) 49... Nf5 50. h5 Bd6 51. Bxd6+ Nxd6 {KB-KN} 52. Bd3 Nf5 53. h6 Ke7 54. Kg4 Kd6 55. Kf3 Kc5 56. Ke4 Kd6 $1 57. Bc2 Ne7 58. Bd1 Nf5 59. Bg4 Ne7 60. Kd3 Nc6 61. Bf3 Ne7 62. Bb7 Nf5 63. Ke4 Ng3+ 64. Kf3 Nf5 65. Ba6 e5 66. Bc8 Ne7 67. Bb7 exf4 68. Kxf4 Nc6 69. Ke3 Kc7 (69... Nd8 $5 {[%cal Rd8b7]} 70. Be4 Ke5 $11) 70. Ba6 Nd8 {With the idea ...Ne6.} 71. Bb5 Kd6 {And now ...Ne6 would win.} 72. Kf4 Nc6 73. c5+ bxc5 {[%cal Bb6c5,Bc5c4][%mdl 32]} (73... Kxc5 74. Bd3 $16) 74. Bc4 $1 Nd8 {...Ne6+ is the strong threat.} 75. Bd3 $2 {[%mdl 8192] [#]} (75. Bg8 $11 Ne6+ 76. Ke3 Nxg5 77. Kd3) 75... Kd5 $1 $19 {Black is clearly winning.} 76. Bc2 c4 77. Bb1 Kd4 78. Bc2 Nf7 79. Bb1 Kc3 80. Ba2 Kd3 81. Kg4 Ke3 82. Kh4 c3 {Precision: White = 60%, Black = 84%.} 0-1

[Event "EICC 2017"]
[Site "Minsk"]
[Date "2017.06.05"]
[Round "6"]
[White "Artemiev, Vladislav"]
[Black "Can, Emre"]
[Result "1-0"]
[WhiteElo "2682"]
[BlackElo "2589"]
[Annotator "TA"]
[PlyCount "99"]
[EventDate "2017.??.??"]
[EventCountry "BLR"]
[SourceTitle "playchess.com"]
[Source "ChessBase"]
[SourceQuality "1"]

{[%evp 18,99,20,26,45,48,56,56,48,54,78,79,68,87,69,75,75,51,51,28,114,91,99,54,46,53,56,50,49,47,36,42,70,24,58,58,62,58,58,56,85,65,148,147,136,138,195,168,195,194,176,181,266,244,264,263,235,223,215,198,214,209,247,230,222,0,163,163,166,156,159,97,122,96,199,221,205,198,826,734,1487,12534,1209,1088]} 1. e4 c5 2. Nf3 d6 3. Bb5+ Nd7 4. d4 cxd4 5. Qxd4 Ngf6 6. O-O {B51: Sicilian: Moscow Variation (3 Bb5+) without 3...Bd7} a6 7. Be2 (7. Bxd7+ Bxd7 8. c4 g6 9. Nc3 Bg7 10. Qd3 O-O 11. a4 Rc8 12. Bd2 Bg4 13. b3 Nd7 14. Rab1 Nc5 15. Qe3 f5 16. exf5 Bxf5 {0-1 (49) Fressinet,L (2668)-Bacrot,E (2696) Balagna 2017}) 7... g6 8. Nc3 Bg7 9. Rd1 O-O 10. e5 {LiveBook: 7 Games} dxe5 11. Nxe5 Qc7 $146 ({Predecessor:} 11... Nh5 12. f4 Nhf6 13. Bf3 Qc7 {½-½ (13) Lucena,S-Da Cunha,M (2410) Cabo Frio 1984}) 12. Bf4 {And now Nxg6! would win.} Nh5 13. Bxh5 Bxe5 14. Nd5 Qd6 15. Bxe5 Nxe5 16. Qe3 Rb8 17. f4 Nc6 18. Bf3 h5 (18... e5 $1 $11 {remains equal.}) 19. Rd2 Bg4 20. Nb6 (20. Bxg4 {keeps more tension.} hxg4 21. Re1 Rbd8 22. Red1 Rfe8 23. c4) 20... Qe6 21. Qxe6 Bxe6 22. Rad1 Rfd8 23. Kf2 Rxd2+ 24. Rxd2 Kf8 25. Rd7 Na5 {aiming for ...Nc4.} 26. b3 {[%cal Bb2b3,Bb3b4,Bb4b5][%mdl 32]} Rc8 27. Nxc8 Bxd7 $14 {[%mdl 4096] Endgame KBN-KBN} 28. Nb6 Bf5 29. c4 f6 ({Better is} 29... Ke8 $14) 30. b4 $16 Nc6 31. b5 $1 {[%cal Rb5c6]} axb5 (31... Na5 $16 {keeps fighting.}) 32. cxb5 $18 Nd4 33. Bxb7 Nxb5 34. a4 $1 {[%cal Ra4b5]} Na7 {[#]} (34... Nd6 $142) 35. Ke3 $1 Ke8 36. Kd4 Kd8 37. Kc5 Kc7 38. Bf3 h4 39. a5 e6 40. Nc4 Nc8 41. Nb6 {Hoping for Nxc8.} Na7 $1 42. a6 Bd3 43. Bb7 Bf1 44. h3 (44. Na8+ $142 Kb8 45. Kd6) 44... Nb5 45. Nc8 g5 (45... Nc3 $16) 46. fxg5 fxg5 {[#]} 47. Nb6 $1 Nd6 $2 (47... Nc3 48. Nc4 Na4+ 49. Kd4 Be2) 48. Bc6 {Intending a7 and mate.White is clearly winning.} Bxa6 49. Na8+ Kb8 50. Kxd6 {Precision: White = 76%, Black = 32%.} 1-0

[Event "EICC 2017"]
[Site "Minsk"]
[Date "2017.06.05"]
[Round "6"]
[White "Ragger, Markus"]
[Black "Gorovets, Andrey"]
[Result "1/2-1/2"]
[WhiteElo "2680"]
[BlackElo "2524"]
[Annotator "TA"]
[PlyCount "166"]
[EventDate "2017.??.??"]
[EventCountry "BLR"]
[SourceTitle "playchess.com"]
[Source "ChessBase"]
[SourceQuality "1"]

{[%evp 16,166,43,36,39,39,47,42,52,27,33,27,28,27,34,20,31,37,36,39,52,18,20,18,27,10,14,0,14,14,14,6,8,0,14,0,28,28,28,17,40,43,52,51,53,54,54,52,46,12,14,0,0,0,0,0,30,30,30,30,30,30,30,30,36,0,14,14,14,14,30,30,30,30,37,14,15,17,20,0,25,6,6,6,6,8,7,0,0,0,0,0,0,0,0,0,0,-21,0,-22,-22,-22,-22,-44,-27,-42,-21,-22,0,-22,-22,-22,-22,-22,-22,-22,-22,-22,-4,-22,-22,-29,-29,-29,-30,-30,-31,-31,-22,-22,-22,-22,-21,-22,-22,-33,-33,-36,-35,-39,-37,-42,-39,-40,-32,-38,-21,-21,-21,-21,0,-21,0]} 1. e4 d5 2. exd5 Qxd5 3. Nc3 Qa5 4. g3 Nf6 5. Bg2 c6 6. Nf3 Bg4 7. h3 Bxf3 8. Qxf3 e6 9. O-O {LiveBook: 11 Games} Be7 {B01: Scandinavian Defence} 10. Nd1 $146 {[%cal Bc3d1,Bd1e3,Be3c4][%mdl 32]} ({Predecessor:} 10. a3 O-O 11. Rb1 Qc7 12. b4 a6 13. d3 Nbd7 14. Bf4 Bd6 15. Bd2 a5 16. Qe2 Be7 17. f4 {1-0 (53) Rozentalis,E (2595)-Khalifman,A (2630) Germany 1993}) 10... O-O 11. Ne3 Rd8 {White is slightly better.} 12. Nc4 Qc7 13. a4 a5 14. Re1 Nbd7 15. d4 Nd5 16. Qe2 Bb4 17. c3 Bf8 18. h4 h6 19. Ne5 Nxe5 20. dxe5 Bc5 21. Be4 f5 22. Bc2 Qb6 23. Rf1 Rd7 24. Qh5 Qd8 25. Rd1 Qe8 (25... Qb6 $5 {[%cal Rc5f2]}) 26. Qxe8+ Rxe8 27. Kf1 Red8 28. h5 Kf7 29. Ke2 Ne7 30. Rxd7 Rxd7 31. Bb3 Rd8 32. Bf4 g5 33. hxg6+ Nxg6 34. Bxh6 Rh8 35. Bf4 Nxf4+ 36. gxf4 $11 {[%mdl 4096] Endgame KRB-KRB} Rh2 37. Rf1 b5 38. Kf3 Rh3+ 39. Kg2 Rh8 40. Kg3 Rg8+ 41. Kf3 {next axb5 is good for White.} Rb8 42. Rb1 Rh8 43. Rd1 Ke7 $1 44. Rg1 {[#] Threatens to win with axb5.} Rh3+ 45. Ke2 {Black must now prevent axb5.} Kf7 46. Rd1 {Hoping for Rd7+.} Ke7 47. Rg1 {aiming for axb5.} Kf7 48. axb5 cxb5 49. Bc2 b4 50. cxb4 axb4 51. Rd1 b3 52. Bd3 Rh2 53. Rf1 Bd4 54. Bc4 Rh4 55. Bxb3 Rxf4 56. f3 Bxb2 57. Rh1 Rb4 58. Ba2 Bxe5 {[#] And now ...Rb2+ would win.} 59. Kd3 Rb2 60. Bc4 Bf4 61. Re1 Rd2+ 62. Kc3 Rd6 63. Re2 Kf6 64. Ra2 $1 Be5+ 65. Kc2 Rd4 66. Bb3 Bd6 67. Ra4 Bb4 68. Ra6 Rd2+ 69. Kc1 Re2 70. Bc4 Re1+ 71. Kc2 Re3 72. Kd1 Bc3 73. Ra3 Re1+ 74. Kc2 Bd4 75. Kd2 Re5 76. Ra6 Bf2 77. Bb3 Bg3 78. Bc4 Bf4+ 79. Kd1 Re3 80. Rb6 Ke7 81. Rb3 {The position is equal.} Re5 82. Rb5 Re3 83. Rb3 Re5 {Precision: White = 73%, Black = 60%.} 1/2-1/2